Optimalizácia investičných portfólií v indexe STOXX 50: Prístup zohľadňujúci ESG a výnosy pomocou CVAR modelu

Zaoberanie sa optimalizáciou investičných portfólií v rámci indexu STOXX 50 so zameraním na výnosy a ESG kritériá.

Gespeichert in:
Bibliographische Detailangaben
1. Verfasser: Ferenčáková, Monika, 2000-
Format: Buchkapitel
Sprache:Slowakisch
Schlagworte:
Tags: Tag hinzufügen
Keine Tags, Fügen Sie das erste Tag hinzu!

MARC

LEADER 00000naa$a2200000$$$4500
001 0305478
005 20241205211225.4
041 0 |a slo 
044 |a SK 
245 1 0 |a Optimalizácia investičných portfólií v indexe STOXX 50: Prístup zohľadňujúci ESG a výnosy pomocou CVAR modelu  |c Monika Ferenčáková 
520 |a Zaoberanie sa optimalizáciou investičných portfólií v rámci indexu STOXX 50 so zameraním na výnosy a ESG kritériá. 
610 2 0 |a ESG 
610 2 0 |a výnosy 
610 2 0 |a riziko 
610 2 0 |a riziko finančné 
610 2 0 |a investície 
610 2 0 |a portfólio 
100 1 |a Ferenčáková, Monika, 2000-